Provincial Capitals of the Roman Empire with a Map - Statistics

General Stats
  • This quiz has been taken 1,873 times
  • The average score is 15 of 50
Answers on the Map
Answers color-coded by a green-red scale on the quiz's map according to % correct below.
 
Answer Stats
Province Capitals % Correct
Italia Roma (Rome)
97%
Britannia Londinium (London)
96%
Africa Proconsularis Carthago (Tunis)
86%
Aegyptus Alexandria
84%
Gallia Aquitania Burdigala (Bordeaux)
66%
Sicilia Syracusae (Syracuse)
66%
Macedonia Thessalonica (Thessaloniki)
64%
Gallia Lugdunensis Lugdunum (Lyon)
62%
Alpes Maritimae Cemenelum (Nice)
59%
Germania Inferior Colonia Claudia Ara Agrippinensium (Cologne)
51%
Galatia Ancyra (Ankara)
50%
Sardinia et Corsica Carales (Cagliari)
50%
Achaia Corinthus (Corinth)
49%
Mauretania Tingitana Tingis (Tangier)
49%
Hispania Baetica Corduba (Córdoba)
48%
Syria Antiochia (Antakya)
43%
Pannonia Inferior Aquincum (Budapest)
39%
Lycia et Pamphylia Attalea (Antalya)
34%
Gallia Narbonensis Narbo Martius (Narbonne)
33%
Hispania Tarraconensis Tarraco (Tarragona)
33%
Moesia Inferior Tomis (Constanța)
27%
Asia Ephesus (Selçuk)
26%
Cappadocia Caesarea (Kayseri)
25%
Germania Superior Mogontiacum (Mainz)
24%
Mauretania Caesariensis Caesarea Mauretaniae (Cherchell)
22%
Bithynia et Pontus Nicomedia (İzmit)
22%
Bosporan Kingdom Panticapaeum (Kerch)
22%
Judaea Caesarea Maritima (Caesarea)
21%
Gallia Belgica Durocortorum (Reims)
21%
Hispania Lusitana Augusta Emerita (Mérida)
19%
Raetia Augusta Vindelicorum (Augsburg)
19%
Cyprus Paphus (Paphos)
17%
Cilicia Tarsus
15%
Alpes Cottiae Segusio
12%
Elymais Susa (Shush)
12%
Epirus Nicopolis (Preveza)
10%
Dalmatia Salona (Solin)
10%
Creta et Cyrenae Gortyna (Gortyn)
9%
Arabia Petraea Nova Trajana Bostra (Bosra)
6%
Armenia Artaxata (Artashat)
5%
Pannonia Superior Carnuntum (Petronell-Carnuntum)
5%
Thracia Perinthus (Marmara Ereğlisi)
4%
Dacia Sarmizegetusa
4%
Characene Charax Spasinu (Al-Bubsairy)
3%
Alpes Graiae et Poeninae Forum Claudii Vallensium (Martigny)
3%
Moesia Superior Viminacium (Kostolac)
3%
Noricum Claudium Virunum (Magdalensberg)
2%
Iberia Mtskheta
2%
Alpes Graiae et Poeninae Forum Claudii Ceutronum (Aime-la-Plagne)
1%
Albania Kabalak (Qabala)
1%
No matching quizzes found
Score Distribution
Percent of People with Each Score
Percentile by Number Answered
Your Score History
You have not taken this quiz